[Event "Blitz Chess"]
[Site "SchemingMind.com"]
[Date "2009.02.12"]
[Round "-"]
[White "Zugzwang"]
[Black "cludi"]
[Result "0-1"]
[WhiteCountry "CAN"]
[BlackCountry "DEN"]
[WhiteElo "1433"]
[WhiteRD "59"]
[BlackElo "2164"]
[BlackRD "115"]
[GameID "192210"]

1. d4 Nf6 2. Nf3 g6 3. e3 Bg7 4. b3 d6 5. Bb2 O-O 6. Be2 Nbd7 7. Nbd2 Re8 8. O-O e5 9. dxe5 Nxe5 10. Nxe5 dxe5
11. e4 b6 12. c4 Bb7 13. Qc2 Nd7 14. Rad1 Qe7 15. Bg4 Rad8 16. Nf3 Nc5 17. Rxd8 Qxd8 18. Rd1 Qa8 19. Re1 Bxe4 20. Qe2 f5
21. Ng5 Bd3 22. Qd1 fxg4 23. Qxg4 Qc6 24. Qh4 h6 25. Nf3 e4 26. Nd2 Bxb2 27. Qxh6 Bg7 28. Qf4 Ne6 29. Qg3 Nd4
0-1

[Event "Blitz Chess"]
[Site "SchemingMind.com"]
[Date "2009.02.17"]
[Round "-"]
[White "startstek"]
[Black "Zugzwang"]
[Result "1-0"]
[WhiteCountry "ALG"]
[BlackCountry "CAN"]
[WhiteElo "1862"]
[WhiteRD "82"]
[BlackElo "1495"]
[BlackRD "59"]
[GameID "192211"]

1. e4 e5 2. Nf3 Nf6 3. Nxe5 d6 4. Nf3 Nxe4 5. Nc3 Nxc3 6. dxc3 Be7 7. Be3 O-O 8. Qd2 c5 9. O-O-O Bd7 10. h4 b5
11. Kb1 a5 12. Ng5 h6 13. Ne4 b4 14. c4 a4 15. Nxd6 a3 16. b3 Bxd6 17. Qxd6 Qf6 18. Qxf6 gxf6 19. Bxc5 Rc8 20. Bxb4 Bf5
21. Bd3 Bxd3 22. Rxd3 Nc6 23. Bc3 Ne5 24. Bxe5 fxe5 25. Rhd1 e4 26. Rg3+ Kh7 27. Rd7 Rf8 28. c3 Rad8 29. Rxd8 Rxd8 30. Kc2 f5
31. Re3 Kg6 32. f3 exf3 33. Rxf3 h5 34. c5 Rc8 35. b4 Kf6 36. Kb3 Ra8 37. b5 Rb8 38. c4 Ke5 39. Kxa3 Kd4 40. Kb4 Ke5
41. a4 Ke6 42. a5
1-0

[Event "Blitz Chess"]
[Site "SchemingMind.com"]
[Date "2009.02.13"]
[Round "-"]
[White "Brendan Joseph Birt"]
[Black "Zugzwang"]
[Result "1-0"]
[WhiteCountry "USA"]
[BlackCountry "CAN"]
[WhiteElo "1843"]
[WhiteRD "82"]
[BlackElo "1433"]
[BlackRD "59"]
[GameID "192212"]

1. e4 e5 2. Nf3 Nf6 3. Nxe5 d6 4. Nf3 Nxe4 5. Nc3 Nxc3 6. dxc3 Bg4 7. Be2 Be7 8. O-O O-O 9. h3 Bxf3 10. Bxf3 c6
11. Bf4 Qb6 12. b3 Nd7 13. Bxd6 Bxd6 14. Qxd6 Rad8 15. Qf4 Rfe8 16. Rfe1 Rxe1+ 17. Rxe1 Nf6 18. c4 h6 19. c3 Rd3 20. Re3 Rxe3
21. Qxe3 Qxe3 22. fxe3 Nd7 23. Kf2 Ne5 24. Ke2 Nxf3 25. Kxf3 Kf8 26. Kf4 Ke7 27. c5 Ke6 28. e4 g6 29. h4 f5 30. exf5+ gxf5
31. g4 fxg4 32. Kxg4 Kd5 33. Kh5 Kxc5 34. Kxh6 Kd6 35. Kg7 Ke5 36. h5
1-0

[Event "Blitz Chess"]
[Site "SchemingMind.com"]
[Date "2009.02.14"]
[Round "-"]
[White "schakert"]
[Black "Zugzwang"]
[Result "0-1"]
[WhiteCountry "NED"]
[BlackCountry "CAN"]
[WhiteElo "1705"]
[WhiteRD "60"]
[BlackElo "1437"]
[BlackRD "56"]
[GameID "192213"]

1. d4 f5 2. c4 Nf6 3. Nf3 g6 4. Nc3 Nc6 5. Bg5 e6 6. e4 fxe4 7. Nxe4 Be7 8. Bd3 d5 9. cxd5 exd5 10. Nxf6+ Bxf6
11. Qe2+ Be7 12. Bh6 Bg4 13. Bg7 Rg8 14. Be5 Qd7 15. Bb5 O-O-O 16. Rc1 Qf5 17. Rxc6 bxc6 18. Bxc6 Qb1+ 19. Qd1 Bb4+
0-1

[Event "Blitz Chess"]
[Site "SchemingMind.com"]
[Date "2009.02.13"]
[Round "-"]
[White "thewallstreetpirate"]
[Black "Zugzwang"]
[Result "0-1"]
[WhiteCountry "USA"]
[BlackCountry "CAN"]
[WhiteElo "1201"]
[WhiteRD "95"]
[BlackElo "1433"]
[BlackRD "59"]
[GameID "192214"]

1. d4 f5 2. Nc3 Nf6 3. Bg5 b6 4. e3 Bb7 5. Nf3 e6 6. Bc4 d5 7. Bb5+ c6 8. Ba4 Be7 9. Ne5 O-O 10. g4 Nbd7
11. gxf5 exf5 12. Bxc6 Bxc6 13. Nxc6 Qe8 14. Bxf6 Rxf6 15. Nxd5 Rxc6 16. Qd3 Rac8 17. Nb4 Bxb4+ 18. c3 Be7 19. Qxf5 Rf6 20. Qd5+ Kh8
21. Rg1 Nf8 22. Qg5 Rg6 23. Qxg6 Qxg6 24. Rxg6 Nxg6 25. a4 a5 26. e4 Bg5 27. h3 Re8 28. e5 Nf4
0-1

[Event "Blitz Chess"]
[Site "SchemingMind.com"]
[Date "2009.02.13"]
[Round "-"]
[White "Heidi"]
[Black "Zugzwang"]
[Result "0-1"]
[WhiteCountry "USA"]
[BlackCountry "CAN"]
[WhiteElo "946"]
[WhiteRD "62"]
[BlackElo "1437"]
[BlackRD "56"]
[GameID "192215"]

1. e4 e5 2. Nf3 Nf6 3. Nxe5 d6 4. Nc4 Nxe4 5. d3 Nf6 6. Be2 Be7 7. Bg5 O-O 8. O-O Nc6 9. h3 d5 10. Bg4 dxc4
11. Nc3 Bxg4
0-1

[Event "Blitz Chess"]
[Site "SchemingMind.com"]
[Date "2009.02.13"]
[Round "-"]
[White "cludi"]
[Black "Zugzwang"]
[Result "1-0"]
[WhiteCountry "DEN"]
[BlackCountry "CAN"]
[WhiteElo "2164"]
[WhiteRD "115"]
[BlackElo "1433"]
[BlackRD "59"]
[GameID "192216"]

1. e4 e5 2. Nf3 Nf6 3. Nxe5 d6 4. Nf3 Nxe4 5. d4 d5 6. Bd3 Bd6 7. O-O O-O 8. Re1 Bf5 9. Nc3 c6 10. Nxe4 dxe4
11. Bxe4 Bxe4 12. Rxe4 Nd7 13. c4 Nf6 14. Bg5 h6 15. Bxf6 Qxf6 16. Qe2 Qf5 17. Re1 Qd7 18. c5 Bb8 19. Re7 Qf5 20. Rxb7 Qf4
21. Qe3 Qxe3 22. Rxe3 Bf4 23. Ra3 a5 24. g3 Bc1 25. Rc3 Bg5 26. Ne5 Rae8 27. Nxc6 Re2 28. d5 f5 29. d6 Rd2 30. Nxa5 f4
31. Nc4 Rd1+ 32. Kg2 f3+ 33. Rxf3 Rxf3 34. Kxf3 Rd3+ 35. Ke2 Rd5 36. c6 Rc5 37. c7 Rxc4 38. Rb8+
1-0

[Event "Blitz Chess"]
[Site "SchemingMind.com"]
[Date "2009.02.18"]
[Round "-"]
[White "Clive Everill"]
[Black "startstek"]
[Result "1-0"]
[WhiteCountry "CZE"]
[BlackCountry "ALG"]
[WhiteElo "1682"]
[WhiteRD "51"]
[BlackElo "1862"]
[BlackRD "82"]
[GameID "192300"]

1. e4 c5 2. Nf3 e6 3. b3 Nc6 4. Bb2 d6 5. c3 Nf6 6. Qc2 Be7 7. d4 O-O 8. Bb5 Qc7 9. Ng5 e5 10. d5 Nb8
11. O-O a6 12. Be2 h6 13. Nf3 Nh5 14. Nxe5 Nf4 15. Nd3 Ng6 16. f4 f5 17. exf5 Bxf5 18. Qd2 Nd7 19. c4 Nf6 20. Nc3 Rae8
21. Rae1 Qb8 22. Qd1 b5 23. Nc1 b4 24. Na4 Bd8 25. Ba1 Ne4 26. g4 Bd7 27. f5 Nh8 28. Bf3 Ng5 29. Bg2 Nhf7 30. Rxe8 Rxe8
31. Nb2 Bf6 32. Ncd3 Ne4 33. Nf4 Bd4+ 34. Kh1 Nf2+ 35. Rxf2 Bxf2 36. Ne6 Bxe6 37. fxe6 Ne5 38. Nd3 Nxd3 39. Qxd3 Qd8 40. Qg6 Bd4
41. Bxd4 cxd4 42. Be4 Qb8 43. Qh7+
1-0

[Event "Blitz Chess"]
[Site "SchemingMind.com"]
[Date "2009.02.13"]
[Round "-"]
[White "Clive Everill"]
[Black "Zugzwang"]
[Result "1-0"]
[WhiteCountry "CZE"]
[BlackCountry "CAN"]
[WhiteElo "1648"]
[WhiteRD "49"]
[BlackElo "1437"]
[BlackRD "56"]
[GameID "192301"]

1. e4 e5 2. Bc4 Nf6 3. d4 exd4 4. Qxd4 Nc6 5. Qe3 Ng4 6. Qf4 Nf6 7. e5 Qe7 8. Nf3 d6 9. O-O Be6 10. exf6 gxf6
11. Bxe6 fxe6 12. c4 O-O-O 13. Bd2 e5 14. Qe4 Rg8 15. Nc3 Qg7 16. g3 Rd7 17. a3 a6 18. b4 Rf7 19. b5 Ne7 20. bxa6 bxa6
21. Qa8+ Kd7 22. Qxa6 f5 23. Qb5+ Kd8 24. Qb8+ Kd7 25. Nb5
1-0

[Event "Blitz Chess"]
[Site "SchemingMind.com"]
[Date "2009.02.14"]
[Round "-"]
[White "Clive Everill"]
[Black "Brendan Joseph Birt"]
[Result "1-0"]
[WhiteCountry "CZE"]
[BlackCountry "USA"]
[WhiteElo "1682"]
[WhiteRD "51"]
[BlackElo "1810"]
[BlackRD "80"]
[GameID "192302"]

1. Nf3 c5 2. d4 cxd4 3. Nxd4 g6 4. e4 Nc6 5. c4 Nf6 6. Nc3 d6 7. f3 Nxd4 8. Qxd4 Bg7 9. Bd2 O-O 10. Bd3 Bd7
11. O-O Bc6 12. Qe3 a6 13. Nd5 Rc8 14. Bc3 e6 15. Nb4 Bd7 16. Rac1 e5 17. Nd5 Nxd5 18. cxd5 h5 19. Bd2 f5 20. exf5 Bxf5
21. Bxf5 Rxf5 22. Qb3 b5 23. Rc2 Rxc2 24. Qxc2 Qb6+ 25. Kh1 Qc5 26. Qd3 Kh7 27. b4 Qc7 28. Rc1 Qd7 29. Rc6 Qa7 30. Be3 Qe7
31. Rxa6 Qh4 32. Bd2 Qf2 33. Qe3 Qf1+ 34. Qg1 Qd3 35. Bc1 Qxd5 36. Ra7 Rf7 37. Rxf7 Qxf7 38. a3 d5 39. Qc5 Qd7 40. h3 d4
41. Bd2 Bh6 42. Bxh6 Kxh6 43. Qxe5 d3 44. Qe3+ g5 45. Qd2 Qd4 46. g4 h4 47. Kg2 Qe5 48. Qxd3 Qg3+ 49. Kf1 Qxh3+ 50. Ke2 Qh2+
51. Ke3 Qf4+ 52. Ke2 h3 53. Qxb5 h2 54. Qc6+ Kg7 55. Qd7+ Qf7 56. Qd4+ Kh7 57. Qe4+ Kh6 58. Qc6+ Qg6 59. Qc1 Qb6 60. f4 Qe6+
61. Kf3 Qc6+ 62. Qxc6+
1-0

[Event "Blitz Chess"]
[Site "SchemingMind.com"]
[Date "2009.02.14"]
[Round "-"]
[White "Clive Everill"]
[Black "schakert"]
[Result "1/2-1/2"]
[WhiteCountry "CZE"]
[BlackCountry "NED"]
[WhiteElo "1648"]
[WhiteRD "49"]
[BlackElo "1705"]
[BlackRD "60"]
[GameID "192303"]

1. Nf3 d6 2. d4 Nd7 3. e4 Ngf6 4. Bd3 e5 5. Bg5 Be7 6. O-O h6 7. Be3 c6 8. c4 Qc7 9. Nc3 Nf8 10. h3 Rg8
11. d5 g5 12. Nh2 Ng6 13. Be2 Nf4 14. Ng4 Nxe2+ 15. Qxe2 Nxg4 16. hxg4 Qd7 17. f3 Bd8 18. b4 Bb6 19. Bxb6 axb6 20. a4 Ke7
21. Nd1 Kf6 22. Ne3 Qc7 23. Kf2 Kg6 24. Rh1 Bd7 25. b5 c5 26. Rh5 Rh8 27. Qc2 f6 28. Nf5 Bxf5 29. exf5+ Kg7 30. g3 Rh7=
1/2-1/2

[Event "Blitz Chess"]
[Site "SchemingMind.com"]
[Date "2009.02.13"]
[Round "-"]
[White "Clive Everill"]
[Black "thewallstreetpirate"]
[Result "1-0"]
[WhiteCountry "CZE"]
[BlackCountry "USA"]
[WhiteElo "1635"]
[WhiteRD "52"]
[BlackElo "1201"]
[BlackRD "95"]
[GameID "192304"]

1. e4 e5 2. Nf3 f6 3. d4 Nc6 4. d5 Na5 5. b4 Bxb4+ 6. Bd2 Bxd2+ 7. Qxd2 Nc4 8. Bxc4 Nh6 9. O-O O-O 10. d6+ Nf7
11. dxc7 Qxc7 12. Qc3 d6 13. Na3 Bg4 14. Nh4 Rac8 15. Qg3 Qd7 16. f3 Bh5 17. Nf5 g6 18. Bxf7+ Rxf7 19. Nh6+ Kg7 20. Nxf7 Qxf7
21. Nb5 Rxc2 22. Nxd6 Qd7 23. Rad1 Rxa2 24. Nf5+ Qxf5 25. exf5 a5 26. fxg6 hxg6 27. Rd7+
1-0

[Event "Blitz Chess"]
[Site "SchemingMind.com"]
[Date "2009.02.13"]
[Round "-"]
[White "Clive Everill"]
[Black "Heidi"]
[Result "1-0"]
[WhiteCountry "CZE"]
[BlackCountry "USA"]
[WhiteElo "1648"]
[WhiteRD "49"]
[BlackElo "946"]
[BlackRD "62"]
[GameID "192305"]

1. e4 e5 2. f4 exf4 3. Nf3 g5 4. d4 d6 5. h4 g4 6. Ng1 Qf6 7. Nc3 Be7 8. Qd3 Nc6 9. Nge2 f3 10. gxf3 d5
11. Nxd5 Nb4 12. Nxb4 gxf3 13. Nd5
1-0

[Event "Blitz Chess"]
[Site "SchemingMind.com"]
[Date "2009.02.13"]
[Round "-"]
[White "Clive Everill"]
[Black "cludi"]
[Result "0-1"]
[WhiteCountry "CZE"]
[BlackCountry "DEN"]
[WhiteElo "1635"]
[WhiteRD "52"]
[BlackElo "2164"]
[BlackRD "115"]
[GameID "192306"]

1. Nf3 g6 2. d4 Bg7 3. e4 d6 4. c4 Nf6 5. Nc3 Nbd7 6. Bd3 c5 7. Be3 O-O 8. Qd2 Ng4 9. d5 Nxe3 10. fxe3 Ne5
11. Nxe5 Bxe5 12. O-O a6 13. Nd1 e6 14. Nf2 Qg5 15. Nh3 Qh6 16. Nf4 g5 17. Nh3 exd5 18. exd5 Bxh3 19. gxh3 Qxh3 20. Bf5 Qh4
21. e4 Kh8 22. Rf3 g4 23. Rf2 Bd4 24. Rf1 g3 25. Kh1 gxf2 26. Qe2 Rg8 27. Qf3 Rg1+
0-1

[Event "Blitz Chess"]
[Site "SchemingMind.com"]
[Date "2009.02.18"]
[Round "-"]
[White "startstek"]
[Black "Clive Everill"]
[Result "1-0"]
[WhiteCountry "ALG"]
[BlackCountry "CZE"]
[WhiteElo "1872"]
[WhiteRD "86"]
[BlackElo "1644"]
[BlackRD "51"]
[GameID "192307"]

1. d4 Nf6 2. c4 g6 3. Nc3 Bg7 4. e4 O-O 5. Nf3 d6 6. Be2 e5 7. O-O Nc6 8. d5 Ne7 9. Ne1 Nd7 10. Be3 f5
11. f3 f4 12. Bf2 Nf6 13. c5 dxc5 14. Bxc5 b6 15. Bf2 c5 16. Bc4 Kh8 17. a4 Bd7 18. Nd3 Ne8 19. Nb5 a6 20. Na3 Nc8
21. Ba2 Bf6 22. a5 Bb5 23. Nxb5 axb5 24. axb6 Nxb6 25. Bxc5 Rf7 26. Nb4 Nc4 27. Nc6 Qd7 28. Bxc4 Rxa1 29. Qxa1 bxc4 30. Rc1 Nd6
31. Bxd6 Qxd6 32. Rxc4 Kg7 33. b4 h5 34. h3 Qc7 35. Kh1 Kh6 36. Rc2 g5 37. Ra2 Qb6 38. Qg1 Qb5 39. Ra5 Qe2 40. Ra1 g4
41. Re1 Qd2 42. Rd1 Qc2 43. Rc1 Qd2 44. Qd1 Qf2 45. fxg4 hxg4 46. Qxg4 Rg7 47. Qf3 Qd2 48. Rd1 Qc2 49. Re1 Rg3 50. Qe2 Qb3
51. Rf1 Re3 52. Qg4 Qd3 53. Rg1 Qxe4 54. Qe6 Qg6 55. Ne7 Qg5 56. Qxf6+ Qxf6 57. Ng8+ Kg6 58. Nxf6 Kxf6 59. Rd1 Ke7 60. d6+ Kd7
61. h4 Rb3 62. Kh2 Rxb4 63. Kh3 Rb3+ 64. Kg4 Rg3+ 65. Kf5 Rxg2 66. Kxe5 Rh2 67. Rg1 Rxh4 68. Rg7+ Kd8 69. Ke6 Rh6+ 70. Kd5 Rf6
71. Kc6 Rf8 72. Ra7 Ke8 73. Ra8+ Kf7 74. Rxf8+ Kxf8 75. d7
1-0

[Event "Blitz Chess"]
[Site "SchemingMind.com"]
[Date "2009.02.14"]
[Round "-"]
[White "Zugzwang"]
[Black "Clive Everill"]
[Result "0-1"]
[WhiteCountry "CAN"]
[BlackCountry "CZE"]
[WhiteElo "1433"]
[WhiteRD "59"]
[BlackElo "1635"]
[BlackRD "52"]
[GameID "192308"]

1. d4 f5 2. g3 Nf6 3. Bg2 e6 4. c4 Be7 5. Nc3 O-O 6. e3 c6 7. Nge2 d5 8. O-O Nbd7 9. Nf4 Nb6 10. b3 dxc4
11. bxc4 Nxc4 12. e4 fxe4 13. Nxe4 Nxe4 14. Bxe4 Bd6 15. Bc2 e5 16. Qd3 exf4 17. Qxh7+ Kf7 18. Re1 Be6 19. Qg6+ Kg8 20. Qxe6+ Kh8
21. Qxc4 fxg3 22. hxg3 Qf6 23. Re2 Bxg3 24. f4 b5 25. Qe6 Qxd4+ 26. Kg2 Bxf4 27. Qxc6 Bxc1 28. Rxc1 Qg4+ 29. Kh1 Qxe2
0-1

[Event "Blitz Chess"]
[Site "SchemingMind.com"]
[Date "2009.02.14"]
[Round "-"]
[White "Brendan Joseph Birt"]
[Black "Clive Everill"]
[Result "1-0"]
[WhiteCountry "USA"]
[BlackCountry "CZE"]
[WhiteElo "1843"]
[WhiteRD "82"]
[BlackElo "1635"]
[BlackRD "52"]
[GameID "192309"]

1. e4 c6 2. d4 d5 3. exd5 cxd5 4. c4 Nf6 5. Nc3 Bg4 6. Qb3 Qb6 7. Qxb6 axb6 8. cxd5 e6 9. dxe6 Bxe6 10. Nf3 Bb4
11. Bb5+ Bd7 12. Bxd7+ Nfxd7 13. Bd2 O-O 14. O-O Nc6 15. Rfe1 Nf6 16. a3 Bd6 17. Bg5 Nd7 18. Re2 f6 19. Be3 Ra5 20. Rae1 Rh5
21. g3 Na5 22. Ne4 Bc7 23. Ned2 f5 24. Ne5 Nxe5 25. dxe5 g5 26. f4 g4 27. Rc1 Bd8 28. Nc4 Nb3 29. Rd1 Rh6 30. Rd7 Rc6
31. Nd6 Nc5 32. Nxf5 Rxf5 33. Rxd8+ Kg7 34. Bxc5 bxc5 35. Rd7+ Kf8 36. e6 Rc8 37. Rxh7 Re8 38. Rxb7 Rd5 39. Re5 Rd1+ 40. Kf2 Rd2+
41. Ke3 Rxh2 42. Rf7+ Kg8 43. Rg5+ Kh8 44. e7
1-0

[Event "Blitz Chess"]
[Site "SchemingMind.com"]
[Date "2009.02.16"]
[Round "-"]
[White "schakert"]
[Black "Clive Everill"]
[Result "0-1"]
[WhiteCountry "NED"]
[BlackCountry "CZE"]
[WhiteElo "1705"]
[WhiteRD "60"]
[BlackElo "1648"]
[BlackRD "49"]
[GameID "192310"]

1. d4 f5 2. Nc3 Nf6 3. Bg5 e6 4. e4 Be7 5. Bd3 d5 6. exd5 exd5 7. Nf3 O-O 8. Ne5 c6 9. Qf3 Ne4 10. Bxe7 Qxe7
11. Be2 c5 12. Nxd5 Qd6 13. c4 cxd4 14. Nd3 Nc6 15. h4 Be6 16. N3f4 Bxd5 17. Nxd5 b5 18. b3 Nb4 19. O-O Nd2 20. Qh3 Nxf1
21. Kxf1 Qe5 22. Nxb4 d3 23. Re1 dxe2+ 24. Rxe2 Qc5 25. Nd3 Qd4 26. cxb5 Rad8 27. Ne1 Qa1 28. a4 Rd1 29. Qe3 Qf6 30. Qe7 Qc3
31. Qe6+ Kh8 32. Qe7 Rdd8 33. Re3 Qc1 34. Qxa7 Ra8 35. Qd4 Rae8 36. Qc3 Qa3 37. Rxe8 Rxe8 38. b6 Qd6 39. a5 Qh2 40. Qh3 Qe5
41. Qe3 Qb5+
0-1

[Event "Blitz Chess"]
[Site "SchemingMind.com"]
[Date "2009.02.13"]
[Round "-"]
[White "thewallstreetpirate"]
[Black "Clive Everill"]
[Result "0-1"]
[WhiteCountry "USA"]
[BlackCountry "CZE"]
[WhiteElo "1185"]
[WhiteRD "97"]
[BlackElo "1648"]
[BlackRD "49"]
[GameID "192311"]

1. c4 Nf6 2. Nf3 g6 3. d4 Bg7 4. c5 d6 5. Bf4 O-O 6. cxd6 exd6 7. e3 Bg4 8. h3 Bd7 9. Bc4 b5 10. Bb3 Be6
11. Bxe6 fxe6 12. Ng5 Qe7 13. Qb3 Re8 14. Qxb5 Nbd7 15. Qb7 e5 16. dxe5 Nxe5 17. Na3 Reb8 18. Qa6 Rxb2 19. Nb5 Nd3+ 20. Kf1 Rxf2+
21. Kg1 Ne4 22. Rd1 Nxf4 23. Qb7 Rxg2+ 24. Kf1 Ng3+ 25. Ke1 Re2#
0-1

[Event "Blitz Chess"]
[Site "SchemingMind.com"]
[Date "2009.02.13"]
[Round "-"]
[White "Heidi"]
[Black "Clive Everill"]
[Result "0-1"]
[WhiteCountry "USA"]
[BlackCountry "CZE"]
[WhiteElo "946"]
[WhiteRD "62"]
[BlackElo "1648"]
[BlackRD "49"]
[GameID "192312"]

1. e4 d5 2. exd5 Qxd5 3. Nc3 Qa5 4. d4 Nf6 5. Nf3 Bg4 6. h3 Bh5 7. g4 Bg6 8. Ne5 Nbd7 9. Nxg6 hxg6 10. Bg2 c6
11. Bf4 e6 12. O-O Bb4
0-1

[Event "Blitz Chess"]
[Site "SchemingMind.com"]
[Date "2009.02.13"]
[Round "-"]
[White "cludi"]
[Black "Clive Everill"]
[Result "1-0"]
[WhiteCountry "DEN"]
[BlackCountry "CZE"]
[WhiteElo "2164"]
[WhiteRD "115"]
[BlackElo "1635"]
[BlackRD "52"]
[GameID "192313"]

1. e4 c6 2. d4 d5 3. exd5 cxd5 4. c4 Nc6 5. cxd5 Qxd5 6. Nf3 g6 7. Nc3 Qe6+ 8. Be2 Bg7 9. d5 Bxc3+ 10. bxc3 Qf6
11. dxc6 Qxc3+ 12. Bd2 Qxc6 13. O-O Nf6 14. a4 O-O 15. Be3 Bg4 16. Nd4 Qd7 17. Rb1 Bxe2 18. Nxe2 Qc7 19. h3 e5 20. Qc1 Qe7
21. Bc5 Qd7 22. Bxf8 Kxf8 23. Rd1 Qxa4 24. Qc7 Re8 25. Qxb7 Re7 26. Rd8+ Re8 27. Rxe8+ Nxe8 28. Qb4+
1-0

[Event "Blitz Chess"]
[Site "SchemingMind.com"]
[Date "2009.02.18"]
[Round "-"]
[White "Pedro Yanes"]
[Black "startstek"]
[Result "1-0"]
[WhiteCountry "USA"]
[BlackCountry "ALG"]
[WhiteElo "2057"]
[WhiteRD "83"]
[BlackElo "1862"]
[BlackRD "82"]
[GameID "192342"]

1. c4 Nf6 2. Nc3 g6 3. g3 Bg7 4. Bg2 d6 5. d4 O-O 6. Nf3 Nc6 7. O-O a6 8. a4 e5 9. d5 Ne7 10. Nd2 Ne8
11. Nde4 f5 12. Ng5 h6 13. Nf3 g5 14. a5 Ng6 15. Qb3 Kh8 16. Ne1 f4 17. Ne4 Nf6 18. Nxf6 Qxf6 19. Bd2 Bg4 20. f3 Bc8
21. Nd3 h5 22. Nf2 Ne7 23. Qd3 Nf5 24. Ne4 Qg6 25. Rf2 Bd7 26. Bh3 Rf7 27. g4 hxg4 28. Bxg4 Nh6 29. Bxd7 Rxd7 30. Rg2 Nf7
31. b4 Rg8 32. b5 Bf8 33. bxa6 bxa6 34. Rb1 Qf5 35. Rb8 Rd8 36. Rxd8 Nxd8 37. c5 dxc5 38. Qxa6 g4 39. Qf6+ Qxf6 40. Nxf6 Rg6
41. Bc3 Nf7 42. Nd7 Bd6 43. Rxg4 Rxg4+ 44. fxg4 c6 45. a6
1-0

[Event "Blitz Chess"]
[Site "SchemingMind.com"]
[Date "2009.02.13"]
[Round "-"]
[White "Pedro Yanes"]
[Black "Zugzwang"]
[Result "1-0"]
[WhiteCountry "USA"]
[BlackCountry "CAN"]
[WhiteElo "1885"]
[WhiteRD "112"]
[BlackElo "1437"]
[BlackRD "56"]
[GameID "192343"]

1. d4 f5 2. c4 Nf6 3. Nc3 e6 4. Nf3 b6 5. Bg5 Bb7 6. e3 Be7 7. Be2 O-O 8. O-O c6 9. Qc2 d5 10. Ne5 Nbd7
11. cxd5 cxd5 12. Bxf6 Rxf6 13. Rac1 Nxe5 14. dxe5 Rh6 15. Nb5 Bc5 16. g3 Qg5 17. Nd4 Kf7 18. f4 Qg6 19. Qb3 Rc8 20. Qa4 Rc7
21. b4 Kf8 22. bxc5 bxc5 23. Qa5 Rc8 24. Rxc5 Rxc5 25. Qxc5+ Kf7 26. Qc7+
1-0

[Event "Blitz Chess"]
[Site "SchemingMind.com"]
[Date "2009.02.14"]
[Round "-"]
[White "Pedro Yanes"]
[Black "Brendan Joseph Birt"]
[Result "1-0"]
[WhiteCountry "USA"]
[BlackCountry "USA"]
[WhiteElo "2034"]
[WhiteRD "90"]
[BlackElo "1843"]
[BlackRD "82"]
[GameID "192344"]

1. c4 c5 2. Nc3 g6 3. g3 Bg7 4. Bg2 Nc6 5. Nf3 d6 6. O-O e5 7. d3 Nge7 8. Bd2 O-O 9. a3 a5 10. Rb1 Rb8
11. Nb5 Nf5 12. Ng5 Nfd4 13. Ne4 Nxb5 14. cxb5 Nd4 15. a4 b6 16. Nc3 Bb7 17. Bxb7 Rxb7 18. e4 f5 19. f4 fxe4 20. dxe4 Bh6
21. Be3 exf4 22. gxf4 Qh4 23. Nd5 Rbf7 24. Kh1 Ne6 25. Qe1 Qxe1 26. Rbxe1 Nxf4 27. Bxf4 Bxf4 28. Nxb6 Be5 29. Kg2 Rxf1 30. Rxf1 Rxf1
31. Kxf1 Bxh2 32. Nc4 Kf7 33. b6 Ke7 34. b7 d5 35. e5 dxc4 36. b8=Q Ke6 37. Qd6+ Kf5 38. Qf6+ Ke4 39. e6 Be5 40. Qf2 Bd6
41. Qe2+ Kd5 42. e7 Bxe7 43. Qxe7
1-0

[Event "Blitz Chess"]
[Site "SchemingMind.com"]
[Date "2009.02.13"]
[Round "-"]
[White "Pedro Yanes"]
[Black "Clive Everill"]
[Result "1-0"]
[WhiteCountry "USA"]
[BlackCountry "CZE"]
[WhiteElo "1885"]
[WhiteRD "112"]
[BlackElo "1648"]
[BlackRD "49"]
[GameID "192345"]

1. c4 Nf6 2. d4 g6 3. Nf3 Bg7 4. g3 d6 5. Bg2 O-O 6. O-O a5 7. Nc3 c6 8. Bg5 Bf5 9. Bxf6 Bxf6 10. e4 Bg4
11. h3 Bd7 12. Re1 Qc8 13. Kh2 e5 14. dxe5 dxe5 15. Na4 Qc7 16. c5 Be6 17. Nb6 Ra7 18. Qe2 Nd7 19. Qe3 Be7 20. Nxd7 Bxd7
21. Qh6 f5 22. Ng5 Bxg5 23. Qxg5 f4 24. Qe7 Re8 25. Qd6 Qc8 26. gxf4 Re6 27. Qd2 exf4 28. Qxf4 Qe8 29. Rad1 b5 30. Rd6 Rxd6
31. cxd6 Ra8 32. e5 Be6 33. b3 a4 34. Re3 axb3 35. axb3 Qd7 36. Rc3 Ra6 37. Qc1 Bd5 38. Bxd5+ cxd5 39. Rc8+
1-0

[Event "Blitz Chess"]
[Site "SchemingMind.com"]
[Date "2009.02.14"]
[Round "-"]
[White "Pedro Yanes"]
[Black "schakert"]
[Result "1-0"]
[WhiteCountry "USA"]
[BlackCountry "NED"]
[WhiteElo "2034"]
[WhiteRD "90"]
[BlackElo "1721"]
[BlackRD "60"]
[GameID "192346"]

1. c4 e5 2. g3 c6 3. d4 d6 4. dxe5 dxe5 5. Qxd8+ Kxd8 6. Bg2 Be6 7. b3 Bb4+ 8. Bd2 Bxd2+ 9. Nxd2 f5 10. e4 Nf6
11. exf5 Bxf5 12. Ngf3 Nbd7 13. O-O Kc7 14. Rfe1 Rae8 15. Nh4 Be6 16. Ne4 Nxe4 17. Rxe4 Rhf8 18. Nf3 Bf5 19. Re3 c5 20. Rae1 Rf6
21. Nxe5 Rfe6 22. Nxd7 Rxe3 23. Rxe3 Bxd7 24. Rxe8 Bxe8 25. Be4 h6 26. f4 a5 27. Kf2 b5 28. cxb5 Bxb5 29. Ke3 Kd6 30. a4 Ba6
31. Bf3 Bc8 32. h4 Be6 33. Bd1 c4 34. bxc4 Bxc4 35. Kd4 Bd5 36. f5 Bc6 37. g4 Bd7 38. Bc2 Bc6 39. g5 hxg5 40. hxg5 Bf3
41. g6 Bc6 42. Bb3 Bg2 43. f6 gxf6 44. g7
1-0

[Event "Blitz Chess"]
[Site "SchemingMind.com"]
[Date "2009.02.13"]
[Round "-"]
[White "Pedro Yanes"]
[Black "thewallstreetpirate"]
[Result "1-0"]
[WhiteCountry "USA"]
[BlackCountry "USA"]
[WhiteElo "1885"]
[WhiteRD "112"]
[BlackElo "1185"]
[BlackRD "97"]
[GameID "192347"]

1. d4 Nf6 2. c4 d6 3. Nf3 Nc6 4. Nc3 Bf5 5. Nh4 e6 6. Nxf5 exf5 7. Bg5 h6 8. Bxf6 Qxf6 9. Nd5 Qd8 10. e3 Qd7
11. Be2 O-O-O 12. O-O Qe6 13. b4 Qg6 14. a4 h5 15. b5 Na5 16. Qe1 Nb3 17. Rb1 c6 18. bxc6 Na5 19. Qxa5 Qe6 20. Qc7#
1-0

[Event "Blitz Chess"]
[Site "SchemingMind.com"]
[Date "2009.02.13"]
[Round "-"]
[White "Pedro Yanes"]
[Black "Heidi"]
[Result "1-0"]
[WhiteCountry "USA"]
[BlackCountry "USA"]
[WhiteElo "1885"]
[WhiteRD "112"]
[BlackElo "946"]
[BlackRD "62"]
[GameID "192348"]

1. d4 Nc6 2. e4 e5 3. dxe5 Nxe5 4. Nf3 d6 5. Nxe5 dxe5 6. Qxd8+ Kxd8 7. Bc4 Ne7 8. Bxf7 g6 9. Bg5 a6 10. Bf6 Be6
11. Bxe6 Bg7 12. Bxg7 Rg8 13. Bxg8 Nxg8 14. Bxe5
1-0

[Event "Blitz Chess"]
[Site "SchemingMind.com"]
[Date "2009.02.13"]
[Round "-"]
[White "Pedro Yanes"]
[Black "cludi"]
[Result "0-1"]
[WhiteCountry "USA"]
[BlackCountry "DEN"]
[WhiteElo "2057"]
[WhiteRD "83"]
[BlackElo "2187"]
[BlackRD "114"]
[GameID "192349"]

1. c4 Nf6 2. Nf3 g6 3. d4 Bg7 4. Nc3 d5 5. e3 O-O 6. cxd5 Nxd5 7. Qb3 Nb6 8. Be2 Be6 9. Qd1 N8d7 10. Ng5 Bc4
11. Nf3 c5 12. Bxc4 Nxc4 13. O-O cxd4 14. Nxd4 Rc8 15. Rb1 Nf6 16. Bd2 a6 17. Be1 b5 18. b3 Nb6 19. a3 e5 20. Nc2 Qe7
21. e4 Rfd8 22. Qf3 Nh5 23. Ne3 Nf4 24. a4 Qb7 25. axb5 axb5 26. Rd1 Rxd1 27. Qxd1 b4 28. Nb5 Qa6 29. g3 Qxb5 30. gxf4 exf4
31. Ng2 Re8 32. f3 g5 33. Rf2 f5 34. Rd2 fxe4 35. fxe4 f3 36. Ne3 Bc3 37. Rf2 Rxe4 38. Qxf3 Qe8 39. Re2 Bd4 40. Bf2 Rf4
41. Nd5 Rxf3 42. Rxe8+ Kf7 43. Re7+ Kg6 44. Bxd4 Nxd5 45. Re5 Nf4 46. Be3 h6 47. Bxf4 Rxf4 48. Re6+ Kh5 49. Rb6 g4 50. Kg2 Rd4
51. Kf2 Re4 52. Rf6 Kg5 53. Rb6 h5 54. Rd6 Rf4+ 55. Ke2 Rf3
0-1